| 000 | 01378nam a2200361Ia 4500 | ||
|---|---|---|---|
| 001 | ebr10132696 | ||
| 003 | CaPaEBR | ||
| 006 | m u | ||
| 007 | cr cn||||||||| | ||
| 008 | 030612s2003 qucaf sb 001 0aeng d | ||
| 016 | _z20039035700 | ||
| 020 | _z077352634X | ||
| 040 |
_aCaPaEBR _cCaPaEBR |
||
| 035 | _a(OCoLC)180773056 | ||
| 050 | 1 | 4 |
_aFC636.K64 _bA3 2003eb |
| 082 | 0 | 4 |
_a328.71/092 _221 |
| 100 | 1 | _aKolber, Leo. | |
| 245 | 1 | 0 |
_aLeo _h[electronic resource] : _ba life / _cLeo Kolber with L. Ian MacDonald. |
| 260 |
_aMontreal : _bMcGill-Queen's University Press, _cc2003. |
||
| 300 |
_aviii, 314 p., [32] p. of plates : _bill. |
||
| 500 | _aIncludes index. | ||
| 504 | _aIncludes bibliographical references: p. [285]-297. | ||
| 533 |
_aElectronic reproduction. _bPalo Alto, Calif. : _cebrary, _d2009. _nAvailable via World Wide Web. _nAccess may be limited to ebrary affiliated libraries. |
||
| 600 | 1 | 0 | _aKolber, Leo. |
| 600 | 3 | 0 | _aBronfman family. |
| 610 | 1 | 0 |
_aCanada. _bParliament. _bSenate _vBiography. |
| 650 | 0 |
_aDirectors of corporations _zCanada _vBiography. |
|
| 650 | 0 |
_aBusinessmen _zCanada _vBiography. |
|
| 655 | 7 |
_aElectronic books. _2local |
|
| 700 | 1 | _aMacDonald, L. Ian. | |
| 710 | 2 | _aebrary, Inc. | |
| 856 | 4 | 0 |
_uhttp://site.ebrary.com/lib/rucke/Doc?id=10132696 _zAn electronic book accessible through the World Wide Web; click to view |
| 999 |
_c79535 _d79535 |
||